[Event "61st Rubinstein Memorial"]
[Site "Polanica Zdroj POL"]
[Date "2025.08.16"]
[Round "1.1"]
[White "Aravindh, Chithambaram"]
[Black "Adams, Michael"]
[WhiteElo "2723"]
[BlackElo "2663"]
[Result "1-0"]
[EventDate "2025.08.16"]
[PlyCount "126"]
1.d4 Nf6 2.c4 e6 3.Nc3 d5 4.cxd5 exd5 5.Bg5 c6 6.e3 h6 7.Bh4 Be7 8.Bd3 O-O 9.f3 c5 10.Nge2 Nc6 11.Bc2 Be6 12.O-O Rc8 13.Bf2 cxd4 14.Nxd4 Nxd4 15.Qxd4 Qa5 16.Bb3 Rfd8 17.Rfd1 Rc6 18.Ne2 Rdc8 19.Qd3 Qa6 20.Qxa6 Rxa6 21.Nd4 Bd7 22.Rac1 Rxc1 23.Rxc1 Ba4 24.g4 Bxb3 25.axb3 Bd6 26.Nf5 Kh7 27.Rc8 g6 28. Nxd6 Rxd6 29.Bg3 Rd7 30.Be5 Ng8 31.Bd4 b6 32.h4 f6 33.g5 hxg5 34.hxg5 Kg7 35.gxf6+ Kf7 36.Rc6 Nh6 37.Kg2 Nf5 38.Kh3 Nxd4 39.exd4 Rd8 40.b4 Rh8+ 41. Kg3 Rh1 42.b5 Rb1 43.Kf4 Re1 44.Rd6 Re2 45.b3 Re1 46.Rxd5 Kxf6 47.Rd6+ Kf7 48.Rd7+ Kf6 49.Rd6+ Kf7 50.Rc6 Re2 51.d5 Re1 52.Rc4 Kf6 53.Rd4 Rh1 54.d6 Rh4+ 55.Ke3 Rxd4 56.Kxd4 Ke6 57.d7 Kxd7 58.Kd5 Kc7 59.Ke6 Kb7 60.f4 Kb8 61.Kf6 Kc7 62.Kxg6 Kd6 63.f5 Kc5 1-0

[Event "61st Rubinstein Memorial"]
[Site "Polanica Zdroj POL"]
[Date "2025.08.16"]
[Round "1.2"]
[White "Yakubboev, Nodirbek"]
[Black "Wojtaszek, Radoslaw"]
[WhiteElo "2663"]
[BlackElo "2648"]
[Result "1/2-1/2"]
[EventDate "2025.08.16"]
[PlyCount "66"]
1.c4 Nf6 2.Nc3 e5 3.Nf3 Nc6 4.g3 Nd4 5.Bg2 Nxf3+ 6.Bxf3 Bb4 7.g4 Bxc3 8. dxc3 d6 9.g5 Nd7 10.Be3 a5 11.Qd5 Qe7 12.O-O-O a4 13.h4 O-O 14.h5 Nc5 15. Bxc5 dxc5 16.g6 a3 17.gxf7+ Kh8 18.h6 g6 19.Rd3 axb2+ 20.Kxb2 Ra6 21.Re3 Re6 22.Rd1 Rd6 23.Rxe5 Qd8 24.Qe4 Bf5 25.Rxd6 Qxd6 26.Qd5 Qb6+ 27.Kc1 Qb1+ 28.Kd2 Qc2+ 29.Ke3 Qc1+ 30.Qd2 Qg1 31.Qd8 Qc1+ 32.Qd2 Qg1 33.Qd8 Qc1+ 1/2-1/2

[Event "61st Rubinstein Memorial"]
[Site "Polanica Zdroj POL"]
[Date "2025.08.16"]
[Round "1.3"]
[White "Bartel, Mateusz"]
[Black "Bluebaum, Matthias"]
[WhiteElo "2576"]
[BlackElo "2660"]
[Result "1/2-1/2"]
[EventDate "2025.08.16"]
[PlyCount "90"]
1.e4 e5 2.Nc3 Nf6 3.Bc4 Nxe4 4.Qh5 Nd6 5.Bb3 Be7 6.Qxe5 O-O 7.Nf3 Nc6 8. Qf4 Na5 9.O-O Nxb3 10.axb3 Re8 11.d3 Bf8 12.Bd2 b6 13.h4 Bb7 14.h5 f6 15. Rfe1 Re7 16.Qg4 Qe8 17.Nh4 Rxe1+ 18.Rxe1 Qf7 19.Ng6 Re8 20.Ra1 a6 21.Nxf8 Rxf8 22.Bf4 Qe6 23.f3 Re8 24.Qxe6+ dxe6 25.Bxd6 cxd6 26.b4 Rc8 27.Kf2 e5 28.Ke3 b5 29.Rc1 Kf7 30.Ne2 g6 31.hxg6+ hxg6 32.Rh1 Kg7 33.Kd2 f5 34.b3 g5 35.c4 Kg6 36.Nc3 g4 37.cxb5 axb5 38.Nxb5 gxf3 39.Nxd6 fxg2 40.Rg1 Rc7 41. Nxb7 Rxb7 42.Rxg2+ Kf6 43.Kc3 Rc7+ 44.Kd2 Rb7 45.Kc3 Rc7+ 1/2-1/2

[Event "61st Rubinstein Memorial"]
[Site "Polanica Zdroj POL"]
[Date "2025.08.16"]
[Round "1.4"]
[White "Navara, David"]
[Black "Teclaf, Pawel"]
[WhiteElo "2650"]
[BlackElo "2571"]
[Result "1/2-1/2"]
[EventDate "2025.08.16"]
[PlyCount "140"]
1.d4 Nf6 2.c4 e6 3.Nf3 b6 4.g3 Bb7 5.Bg2 Be7 6.O-O O-O 7.Re1 Re8 8.Nc3 Bb4 9.Qc2 Bxc3 10.Qxc3 d6 11.b3 Nbd7 12.Bb2 a6 13.Rad1 Be4 14.Bf1 Bb7 15.d5 exd5 16.cxd5 Nc5 17.Ba1 Nce4 18.Qb2 b5 19.b4 a5 20.a3 axb4 21.axb4 Bxd5 22.Rxd5 Rxa1 23.Rxb5 Rxe1 24.Nxe1 c6 25.Rf5 Qb6 26.e3 Nd5 27.Bc4 g6 28. Rxd5 cxd5 29.Bxd5 Qc7 30.Nf3 Nc3 31.Bb3 Rb8 32.Nd4 d5 33.b5 Nxb5 34.Bxd5 Qe5 35.Bxf7+ Kxf7 36.Qa2+ Kf8 37.Nc6 Qd6 38.Nxb8 Qxb8 39.Qb2 Kf7 40.h4 Qe8 41.Qb3+ Kf6 42.Qd5 Nc7 43.Qg5+ Ke6 44.Qg4+ Ke7 45.h5 Ne6 46.hxg6 hxg6 47. Qe4 Kf8 48.Kg2 Kf7 49.Qb7+ Kg8 50.Qd5 Kh7 51.Qb7+ Kh6 52.Qd5 Qf7 53.Qa8 Kh7 54.Qf3 Qd7 55.Qe4 Kg7 56.Qe5+ Kf7 57.Qe4 Qb5 58.Qf3+ Kg7 59.Qe4 Ng5 60.Qe7+ Nf7 61.Qe4 Qc5 62.Qb7 Qc4 63.Kh2 g5 64.Qb2+ Kg6 65.Qb1+ Kf6 66. Qb6+ Ke7 67.Qb7+ Ke6 68.g4 Nd6 69.Qg2 Qe2 70.f4 Qxe3 1/2-1/2

[Event "61st Rubinstein Memorial"]
[Site "Polanica Zdroj POL"]
[Date "2025.08.16"]
[Round "1.5"]
[White "Klimkowski, Jan"]
[Black "Kovalenko, Igor"]
[WhiteElo "2517"]
[BlackElo "2676"]
[Result "1/2-1/2"]
[EventDate "2025.08.16"]
[PlyCount "91"]
1.e4 e5 2.Nf3 Nc6 3.d4 exd4 4.Nxd4 Bc5 5.Nb3 Bb6 6.Qe2 d6 7.Nc3 Be6 8.Be3 Nf6 9.O-O-O Qe7 10.g3 O-O 11.Bg2 Bxe3+ 12.Qxe3 a5 13.Nd4 Nxd4 14.Rxd4 Rfe8 15.h3 Rab8 16.a4 Nd7 17.f4 Nb6 18.Re1 Bd7 19.e5 dxe5 20.fxe5 h6 21.Bf1 Bf5 22.g4 Bg6 23.Nd5 Nxd5 24.Rxd5 c6 25.Rxa5 Ra8 26.Rxa8 Rxa8 27.Qb3 Qh4 28. Re2 b5 29.e6 fxe6 30.Qxe6+ Kh7 31.Qe7 Qg3 32.Qe3 Qc7 33.Rf2 Re8 34.Qd2 Rd8 35.Bd3 Bxd3 36.cxd3 Qg3 37.axb5 cxb5 38.Qf4 Qxh3 39.Qf5+ Kh8 40.Kc2 Qg3 41.g5 hxg5 42.Rf3 Qg2+ 43.Kb3 g4 44.Qh5+ Kg8 45.Qf7+ Kh8 46.Qh5+ 1/2-1/2

[Event "61st Rubinstein Memorial"]
[Site "Polanica Zdroj POL"]
[Date "2025.08.17"]
[Round "2.1"]
[White "Wojtaszek, Radoslaw"]
[Black "Teclaf, Pawel"]
[WhiteElo "2648"]
[BlackElo "2571"]
[Result "1/2-1/2"]
[EventDate "2025.08.16"]
[PlyCount "76"]
1.d4 Nf6 2.c4 g6 3.Nc3 d5 4.Nf3 Bg7 5.h4 c6 6.cxd5 cxd5 7.Bf4 Nc6 8.e3 O-O 9.Qb3 Na5 10.Qa3 Nc4 11.Bxc4 dxc4 12.O-O Be6 13.Be5 a5 14.Qa4 Rc8 15.Qc2 b5 16.Nxb5 Bf5 17.Qc1 Be4 18.Ne1 Bb7 19.Nc3 Nh5 20.Bxg7 Nxg7 21.Qd1 e5 22. dxe5 Qxh4 23.Nf3 Qe7 24.e4 Rfd8 25.Nd5 Bxd5 26.exd5 Qb7 27.d6 Qxb2 28.Rb1 Qxa2 29.d7 Ra8 30.Qd5 Qa4 31.Rb7 Ne6 32.Nd4 Nxd4 33.Qxd4 Qc2 34.e6 fxe6 35.Re1 Qd3 36.Qg4 Qd5 37.Rxe6 Qxb7 38.Rxg6+ hxg6 1/2-1/2

[Event "61st Rubinstein Memorial"]
[Site "Polanica Zdroj POL"]
[Date "2025.08.17"]
[Round "2.2"]
[White "Adams, Michael"]
[Black "Navara, David"]
[WhiteElo "2663"]
[BlackElo "2650"]
[Result "1/2-1/2"]
[EventDate "2025.08.16"]
[PlyCount "61"]
1.e4 c5 2.Nf3 d6 3.Bb5+ Nd7 4.O-O a6 5.Bxd7+ Bxd7 6.c3 Nf6 7.Re1 e6 8.d4 cxd4 9.cxd4 Be7 10.Nc3 O-O 11.Bf4 Qb6 12.Qd2 Rfe8 13.h3 d5 14.exd5 Nxd5 15.Nxd5 exd5 16.a3 Bf8 17.Rac1 Rxe1+ 18.Nxe1 Rc8 19.Rxc8 Bxc8 20.Qc3 Bd7 21.Nd3 Qc6 22.Qxc6 Bxc6 23.Nb4 Bxb4 24.axb4 f6 25.h4 h5 26.f3 Kf7 27.Kf2 Ke6 28.Ke3 Kf5 29.Bd6 g5 30.g3 g4 31.Bc7 1/2-1/2

[Event "61st Rubinstein Memorial"]
[Site "Polanica Zdroj POL"]
[Date "2025.08.17"]
[Round "2.3"]
[White "Yakubboev, Nodirbek"]
[Black "Klimkowski, Jan"]
[WhiteElo "2663"]
[BlackElo "2517"]
[Result "1-0"]
[EventDate "2025.08.16"]
[PlyCount "85"]
1.e4 e5 2.Nf3 Nc6 3.Bb5 Nge7 4.O-O Ng6 5.d4 exd4 6.Nxd4 Bc5 7.Nf5 O-O 8. Be3 Bxe3 9.Nxe3 Nce7 10.Bd3 d6 11.c4 c6 12.Nc3 f5 13.exf5 Nxf5 14.Bxf5 Bxf5 15.Qd4 Qa5 16.a3 Rad8 17.f4 Qc5 18.Rad1 Bc8 19.g3 Ne7 20.Ne4 Qxd4 21. Rxd4 d5 22.Rfd1 Nf5 23.Nxf5 Rxf5 24.Kf2 b6 25.cxd5 Rfxd5 26.Rxd5 cxd5 27. Nc3 Bb7 28.Nb5 Rc8 29.Rd2 Rc5 30.Nd6 Bc6 31.Ke3 Kf8 32.Kd4 g6 33.Ke5 Bd7 34.Kf6 Bc6 35.b4 Rc3 36.Re2 d4 37.Re7 Re3 38.Rf7+ Kg8 39.Rg7+ Kf8 40.Rc7 Be8 41.Rxh7 Kg8 42.Rxa7 d3 43.Nxe8 1-0

[Event "61st Rubinstein Memorial"]
[Site "Polanica Zdroj POL"]
[Date "2025.08.17"]
[Round "2.4"]
[White "Kovalenko, Igor"]
[Black "Bartel, Mateusz"]
[WhiteElo "2676"]
[BlackElo "2576"]
[Result "1/2-1/2"]
[EventDate "2025.08.16"]
[PlyCount "163"]
1.d4 e6 2.c4 d5 3.Nc3 c6 4.e3 Nf6 5.Nf3 a6 6.a3 Nbd7 7.Qc2 Bd6 8.e4 dxe4 9.Nxe4 Nxe4 10.Qxe4 Nf6 11.Qe3 Ng4 12.Qg5 Qxg5 13.Bxg5 b6 14.Be2 c5 15.Nd2 Nf6 16.Bf3 Rb8 17.Nb3 cxd4 18.Nxd4 Bb7 19.Ke2 Ne4 20.Be3 Ke7 21.Rac1 Rhc8 22.b4 Be5 23.Rhd1 Rc7 24.Bxe4 Bxe4 25.f3 Ba8 26.Nb3 Bc6 27.Rd3 Ba4 28.f4 Bb2 29.Rc2 Bf6 30.g4 h6 31.Rc1 Bb2 32.Rc2 Bf6 33.Rc1 Rd7 34.Rxd7+ Kxd7 35. Nd4 Rc8 36.Kd3 Kc7 37.g5 hxg5 38.fxg5 Be7 39.Rf1 Be8 40.g6 Bf6 41.Bg5 Bxg5 42.gxf7 Bxf7 43.Rxf7+ Kd6 44.Rxg7 Bf6 45.Ra7 a5 46.Nb5+ Ke5 47.bxa5 bxa5 48.Rxa5 Rd8+ 49.Ke3 Bg5+ 50.Kf3 Rd3+ 51.Kg4 Bd8 52.Ra8 Bb6 53.Rh8 Rb3 54. Rh5+ Kf6 55.h4 Be3 56.Rh8 Bc5 57.Rh6+ Kf7 58.Rh7+ Kf6 59.h5 Bxa3 60.Ra7 Bc1 61.Ra6 Rb4 62.Rc6 Ke7 63.Kf3 Rb3+ 64.Kg4 Rb4 65.Rc7+ Kd8 66.Rc5 Be3 67.Rc6 Kd7 68.Rc7+ Kd8 69.Kf3 Bc1 70.Rc5 Rb3+ 71.Kg4 Be3 72.Re5 Kd7 73.Re4 Rd3 74.Re5 Rb3 75.c5 Rb4+ 76.Kf3 Bf4 77.Re4 Rxb5 78.Rxf4 Rxc5 79.Kg4 Ke7 80.h6 Rc1 81.Kg5 Rg1+ 82.Rg4 1/2-1/2

[Event "61st Rubinstein Memorial"]
[Site "Polanica Zdroj POL"]
[Date "2025.08.17"]
[Round "2.5"]
[White "Bluebaum, Matthias"]
[Black "Aravindh, Chithambaram"]
[WhiteElo "2660"]
[BlackElo "2723"]
[Result "1/2-1/2"]
[EventDate "2025.08.16"]
[PlyCount "74"]
1.d4 d5 2.c4 c6 3.Nf3 Nf6 4.e3 Bf5 5.Nc3 e6 6.Nh4 Bg6 7.Nxg6 hxg6 8.Bd2 Nbd7 9.Qb3 Qc7 10.cxd5 exd5 11.O-O-O a5 12.Qc2 Rxh2 13.Rxh2 Qxh2 14.a3 Be7 15.Kb1 Kf8 16.f3 Kg8 17.e4 Nf8 18.exd5 Nxd5 19.Qb3 Nxc3+ 20.Bxc3 b5 21.a4 b4 22.Be1 Bf6 23.Qc2 Rd8 24.Bf2 Ne6 25.Qxc6 Nxd4 26.Qb6 Ne6 27.Rxd8+ Bxd8 28.Qb5 Bf6 29.Be3 Qd6 30.Bd3 Qg3 31.Qe8+ Kh7 32.Qxf7 Qxg2 33.Bc1 Nd4 34.f4 Ne2 35.f5 Nxc1 36.Qxg6+ Qxg6 37.fxg6+ Kh6 1/2-1/2

[Event "61st Rubinstein Memorial"]
[Site "Polanica Zdroj POL"]
[Date "2025.08.18"]
[Round "3.1"]
[White "Bartel, Mateusz"]
[Black "Yakubboev, Nodirbek"]
[WhiteElo "2576"]
[BlackElo "2663"]
[Result "0-1"]
[EventDate "2025.08.16"]
[PlyCount "94"]
1.d4 Nf6 2.Bf4 d5 3.e3 c5 4.dxc5 e6 5.b4 b6 6.Bxb8 Rxb8 7.Bb5+ Ke7 8.c6 Qd6 9.c3 a6 10.Bd3 Qxc6 11.Nf3 g6 12.Qe2 Ra8 13.O-O Bg7 14.Nbd2 Bb7 15. Rac1 Rhc8 16.Nd4 Qd6 17.f4 Kf8 18.a4 a5 19.bxa5 Rxa5 20.Bb5 e5 21.fxe5 Qxe5 22.N2f3 Qe7 23.Ng5 Kg8 24.Rf3 Qe5 25.h4 h6 26.Nh3 Ne4 27.Qb2 Rc7 28. Nf2 h5 29.Nxe4 dxe4 30.Rff1 Ra8 31.Qf2 Qe7 32.Ne2 Rd8 33.Rcd1 Kh7 34.Rxd8 Qxd8 35.c4 Be5 36.Nf4 Qd6 37.Qe2 Qe7 38.g3 Rc8 39.Qf2 Kg7 40.Nd5 Bxd5 41. cxd5 Rc3 42.Bc6 f6 43.Kg2 Qc7 44.Rg1 Rb3 45.Rd1 Bxg3 46.d6 Qxc6 47.d7 Rd3 0-1

[Event "61st Rubinstein Memorial"]
[Site "Polanica Zdroj POL"]
[Date "2025.08.18"]
[Round "3.2"]
[White "Aravindh, Chithambaram"]
[Black "Kovalenko, Igor"]
[WhiteElo "2723"]
[BlackElo "2676"]
[Result "1/2-1/2"]
[EventDate "2025.08.16"]
[PlyCount "85"]
1.d4 d5 2.c4 c6 3.Nf3 Nf6 4.Qc2 dxc4 5.Qxc4 Bf5 6.g3 e6 7.Bg2 Nbd7 8.O-O Be7 9.Qb3 Qb6 10.Nbd2 O-O 11.Nc4 Qa6 12.Bf4 Be4 13.Rfc1 c5 14.dxc5 Bxc5 15.Nfe5 Nxe5 16.Nxe5 Bxg2 17.Kxg2 Bd6 18.Qd3 Qxd3 19.Nxd3 Bxf4 20.Nxf4 Rfc8 21.Nd3 Kf8 22.f3 Ke8 23.Kf2 Nd7 24.f4 Kd8 25.e4 Rxc1 26.Rxc1 Rc8 27. Rxc8+ Kxc8 28.Ke3 Kc7 29.Kd4 Nb8 30.e5 h5 31.Nc5 Nc6+ 32.Kc4 Ne7 33.Ne4 Nf5 34.Ng5 Nh6 35.b4 Kd7 36.Kd4 f6 37.exf6 gxf6 38.Ne4 Ke7 39.a4 Nf5+ 40. Kd3 Ng7 41.Kd4 Ne8 42.Kc5 f5 43.Ng5 1/2-1/2

[Event "61st Rubinstein Memorial"]
[Site "Polanica Zdroj POL"]
[Date "2025.08.18"]
[Round "3.3"]
[White "Navara, David"]
[Black "Bluebaum, Matthias"]
[WhiteElo "2650"]
[BlackElo "2660"]
[Result "1/2-1/2"]
[EventDate "2025.08.16"]
[PlyCount "73"]
1.e4 e5 2.Nf3 Nf6 3.Nxe5 d6 4.Nf3 Nxe4 5.c4 Nc6 6.d3 Nf6 7.d4 Be7 8.Nc3 O-O 9.Bd3 d5 10.cxd5 Nxd5 11.O-O Bg4 12.h3 Bxf3 13.Qxf3 Ndb4 14.d5 Nxd3 15.Qxd3 Nb4 16.Qf3 c6 17.dxc6 bxc6 18.Rd1 Qa5 19.Bf4 Rad8 20.Qe4 Bc5 21. Qc4 Nd5 22.Bg5 f6 23.Bd2 Qb4 24.Qxb4 Nxb4 25.Na4 Be7 26.Kf1 Kf7 27.Bxb4 Bxb4 28.Rac1 Rxd1+ 29.Rxd1 Ke6 30.Ke2 Rb8 31.b3 Rb5 32.Rc1 Re5+ 33.Kf3 Rf5+ 34.Ke3 Re5+ 35.Kf3 Rf5+ 36.Ke2 Re5+ 37.Kf3 1/2-1/2

[Event "61st Rubinstein Memorial"]
[Site "Polanica Zdroj POL"]
[Date "2025.08.18"]
[Round "3.4"]
[White "Teclaf, Pawel"]
[Black "Adams, Michael"]
[WhiteElo "2571"]
[BlackElo "2663"]
[Result "1/2-1/2"]
[EventDate "2025.08.16"]
[PlyCount "61"]
1.c4 e5 2.g3 Nf6 3.Bg2 c6 4.d4 Bb4+ 5.Bd2 Bxd2+ 6.Qxd2 d6 7.Nc3 Nbd7 8.Rd1 O-O 9.b3 a5 10.d5 cxd5 11.Nxd5 a4 12.Nxf6+ Nxf6 13.Qxd6 Qxd6 14.Rxd6 axb3 15.axb3 e4 16.Nh3 Ra3 17.Nf4 Rxb3 18.O-O Re8 19.Rfd1 Kf8 20.h3 e3 21.fxe3 Rbxe3 22.g4 h6 23.R1d3 R3e5 24.Bf3 Ne4 25.R6d5 Nc5 26.Ra3 Rxd5 27.Nxd5 Be6 28.Ra5 Rc8 29.Nb6 Rc7 30.Rb5 Nd7 31.Nxd7+ 1/2-1/2

[Event "61st Rubinstein Memorial"]
[Site "Polanica Zdroj POL"]
[Date "2025.08.18"]
[Round "3.5"]
[White "Klimkowski, Jan"]
[Black "Wojtaszek, Radoslaw"]
[WhiteElo "2517"]
[BlackElo "2648"]
[Result "0-1"]
[EventDate "2025.08.16"]
[PlyCount "158"]
1.e4 e5 2.Nf3 Nc6 3.Bb5 a6 4.Ba4 Nf6 5.O-O Be7 6.Re1 b5 7.Bb3 d6 8.c3 O-O 9.d4 Bg4 10.Be3 Bh5 11.Nbd2 Na5 12.dxe5 dxe5 13.h3 Nd7 14.Bc2 c5 15.Nf1 Nc4 16.Bc1 f6 17.Ng3 Bf7 18.Nf5 Kh8 19.a4 g6 20.Nxe7 Qxe7 21.b3 Na5 22. axb5 axb5 23.Be3 b4 24.Ra4 Nc6 25.Qa1 Nb6 26.Rxa8 Rxa8 27.Qb2 bxc3 28.Qxc3 Nd4 29.Nd2 Kg7 30.Bd3 Ra3 31.Bf1 Nd7 32.Qb2 Ra7 33.Ra1 Rb7 34.Ra8 g5 35. Ba6 Rb8 36.Rxb8 Nxb8 37.Bf1 Nbc6 38.Qc3 Qa7 39.Kh2 Qa5 40.Bxd4 exd4 41. Qxa5 Nxa5 42.Bc4 d3 43.Bxd3 Nxb3 44.Nb1 c4 45.Be2 Kf8 46.Kg3 Nd4 47.Nc3 Ke7 48.f4 Kd6 49.fxg5 fxg5 50.Kf2 Ke5 51.Bd1 h5 52.Ke3 h4 53.Bg4 Be8 54. Bc8 Nb5 55.Nd1 Nd6 56.Ba6 Bf7 57.Nf2 Be6 58.Kf3 Kd4 59.g3 c3 60.gxh4 c2 61.Nd3 gxh4 62.Nc1 Kc3 63.Bd3 Kd2 64.Bxc2 Kxc1 65.Ba4 Bxh3 66.e5 Nf7 67. Kf4 Be6 68.Be8 h3 69.Kg3 Ng5 70.Kf4 Ne4 71.Bc6 Nc3 72.Kg3 Kd2 73.Bg2 Ne2+ 74.Kh2 hxg2 75.Kxg2 Ke3 76.Kf1 Nf4 77.Ke1 Nd3+ 78.Kf1 Kf3 79.Kg1 Bh3 0-1

[Event "61st Rubinstein Memorial"]
[Site "Polanica Zdroj POL"]
[Date "2025.08.19"]
[Round "4.1"]
[White "Yakubboev, Nodirbek"]
[Black "Aravindh, Chithambaram"]
[WhiteElo "2663"]
[BlackElo "2723"]
[Result "1/2-1/2"]
[EventDate "2025.08.16"]
[PlyCount "39"]
1.c4 c5 2.g3 g6 3.Bg2 Bg7 4.Nc3 Nc6 5.Nf3 d6 6.O-O e5 7.a3 a5 8.d3 Nge7 9. Rb1 O-O 10.Bd2 Ra6 11.Ne1 Be6 12.Nd5 a4 13.b4 axb3 14.Rxb3 b6 15.Nc2 Bd7 16.Nce3 Nc8 17.Nc2 N8e7 18.Nce3 Nc8 19.Nc2 N8e7 20.Nce3 1/2-1/2

[Event "61st Rubinstein Memorial"]
[Site "Polanica Zdroj POL"]
[Date "2025.08.19"]
[Round "4.2"]
[White "Klimkowski, Jan"]
[Black "Bartel, Mateusz"]
[WhiteElo "2517"]
[BlackElo "2576"]
[Result "1/2-1/2"]
[EventDate "2025.08.16"]
[PlyCount "103"]
1.e4 e6 2.d4 d5 3.Nc3 Nf6 4.e5 Nfd7 5.f4 c5 6.Nf3 Be7 7.Be3 O-O 8.dxc5 Nxc5 9.Qd2 Nc6 10.O-O-O Qa5 11.Kb1 Na4 12.Nxa4 Qxa4 13.c3 b5 14.Nd4 Nxd4 15.cxd4 b4 16.Bd3 b3 17.axb3 Qxb3 18.Qc2 Qxc2+ 19.Kxc2 Bd7 20.Ba6 Rfb8 21. Ra1 Rb4 22.b3 Rab8 23.Rhb1 Bd8 24.Bd2 R4b6 25.Bc3 Rc6 26.Kd2 Bb6 27.Rc1 f5 28.Ke3 Kf7 29.Bd2 g5 30.g3 gxf4+ 31.gxf4 Rxc1 32.Rxc1 Rg8 33.Kf3 Rb8 34. Ke3 Rg8 35.Kf3 h5 36.Bb4 h4 37.Bc5 Bxc5 38.Rxc5 Rb8 39.Rc3 Bb5 40.Rc7+ Ke8 41.Rc8+ Rxc8 42.Bxc8 Ke7 43.b4 Bf1 44.Ke3 Bh3 45.Kd2 Bf1 46.Ke3 Bh3 47.Ba6 Bg4 48.Kd2 Kd8 49.Kc3 Kc7 50.Bb5 Bh5 51.Kb3 Bf7 52.Kc3 1/2-1/2

[Event "61st Rubinstein Memorial"]
[Site "Polanica Zdroj POL"]
[Date "2025.08.19"]
[Round "4.3"]
[White "Bluebaum, Matthias"]
[Black "Teclaf, Pawel"]
[WhiteElo "2660"]
[BlackElo "2571"]
[Result "1-0"]
[EventDate "2025.08.16"]
[PlyCount "109"]
1.d4 e6 2.c4 b6 3.e4 Bb4+ 4.Nc3 Bb7 5.Ne2 Bxe4 6.a3 Bxc3+ 7.Nxc3 Bg6 8.Bf4 Nf6 9.Nb5 d6 10.c5 O-O 11.cxd6 cxd6 12.Bxd6 Re8 13.Be5 Nd5 14.h4 f6 15.Bg3 e5 16.dxe5 Nc6 17.Be2 Nxe5 18.O-O Qd7 19.Nd4 a6 20.Rc1 Bf7 21.Qd2 b5 22.b3 Ne7 23.Rfd1 Nf5 24.Nxf5 Qxf5 25.Rc3 h5 26.a4 bxa4 27.bxa4 Qe4 28.Rc7 Rf8 29.a5 Nc4 30.Bxc4 Bxc4 31.f3 Qe6 32.Re1 Qd5 33.Ree7 Rf7 34.Qb4 Qb5 35.Qxb5 axb5 36.Rxf7 Bxf7 37.Be1 Ra6 38.Bb4 Bc4 39.Kh2 Bd5 40.Rc5 Bc4 41.Rxh5 Rc6 42.Kg3 Re6 43.Rc5 Re2 44.a6 Ra2 45.Rc8+ Kh7 46.Ra8 Ra4 47.Bc5 b4 48.a7 b3 49.Rd8 Bd5 50.Rxd5 b2 51.Rd4 Rxa7 52.Rb4 Rc7 53.Bf2 Rc2 54.Rb8 Rd2 55.Bc5 1-0

[Event "61st Rubinstein Memorial"]
[Site "Polanica Zdroj POL"]
[Date "2025.08.19"]
[Round "4.4"]
[White "Kovalenko, Igor"]
[Black "Navara, David"]
[WhiteElo "2676"]
[BlackElo "2650"]
[Result "1/2-1/2"]
[EventDate "2025.08.16"]
[PlyCount "169"]
1.e4 c5 2.c3 Nf6 3.e5 Nd5 4.Bc4 Nb6 5.Bb3 c4 6.Bc2 Nc6 7.Nf3 d6 8.exd6 Qxd6 9.O-O Bg4 10.h3 Bh5 11.Re1 Ne5 12.Rxe5 Bxf3 13.Qe1 Bc6 14.Na3 g6 15. b3 Bg7 16.Re2 cxb3 17.axb3 O-O 18.Nc4 Nxc4 19.bxc4 Rfe8 20.Ba3 Qf4 21.Be4 e5 22.Bd6 Bf8 23.Bxc6 bxc6 24.Re4 Qf5 25.Rxe5 Rxe5 26.Qxe5 Qxe5 27.Bxe5 a5 28.Ra4 c5 29.Kf1 Be7 30.d4 f6 31.Bf4 Kf7 32.Ke2 Ke6 33.Kd3 Kd7 34.g4 Bd6 35.Bxd6 Kxd6 36.Kc2 f5 37.gxf5 gxf5 38.Kd3 Kc6 39.Ke3 Re8+ 40.Kf4 cxd4 41. cxd4 Re4+ 42.Kxf5 Rxd4 43.f4 Kd6 44.c5+ Kxc5 45.Rxa5+ Kd6 46.Re5 Kd7 47. Ra5 Ke8 48.Ra7 h6 49.Ra6 Kf7 50.Rxh6 Rd5+ 51.Kg4 Ra5 52.h4 Kg7 53.Re6 Rb5 54.Ra6 Rc5 55.h5 Rb5 56.Rg6+ Kf7 57.Rg5 Rb1 58.Ra5 Kf6 59.Ra6+ Kg7 60.Kg5 Rg1+ 61.Kf5 Rb1 62.Rg6+ Kh7 63.Kg5 Rg1+ 64.Kf6 Rf1 65.f5 Ra1 66.Rg7+ Kh6 67.Re7 Ra6+ 68.Re6 Ra7 69.Re1 Rb7 70.Re8 Rb6+ 71.Re6 Rb7 72.Re1 Ra7 73.Re2 Rb7 74.Re7 Rb6+ 75.Kf7 Kg5 76.Kg7 Kxf5 77.h6 Rg6+ 78.Kh7 Ra6 79.Rg7 Rb6 80.Rg2 Rb7+ 81.Kh8 Kf6 82.h7 Rb1 83.Rf2+ Kg6 84.Rg2+ Kf7 85.Rf2+ 1/2-1/2

[Event "61st Rubinstein Memorial"]
[Site "Polanica Zdroj POL"]
[Date "2025.08.19"]
[Round "4.5"]
[White "Wojtaszek, Radoslaw"]
[Black "Adams, Michael"]
[WhiteElo "2648"]
[BlackElo "2663"]
[Result "1-0"]
[EventDate "2025.08.16"]
[PlyCount "57"]
1.d4 Nf6 2.c4 e6 3.Nf3 d5 4.Nc3 Be7 5.Bf4 O-O 6.a3 b6 7.Qc2 c5 8.Rd1 Bb7 9.cxd5 Nxd5 10.dxc5 Qc8 11.Nxd5 Bxd5 12.e4 Bb7 13.Bd3 bxc5 14.O-O Nd7 15. Ne5 Nxe5 16.Bxe5 Rd8 17.Bb5 a6 18.Rxd8+ Bxd8 19.Bc4 Bc7 20.Bc3 Bc6 21.Qe2 Qb8 22.f4 Bb5 23.g3 Qb7 24.Qg4 g6 25.Bxe6 Bxf1 26.Bxf7+ Kxf7 27.Qd7+ Kf8 28.Bg7+ Kg8 29.Bf6 1-0

[Event "61st Rubinstein Memorial"]
[Site "Polanica Zdroj POL"]
[Date "2025.08.20"]
[Round "5.1"]
[White "Bartel, Mateusz"]
[Black "Wojtaszek, Radoslaw"]
[WhiteElo "2576"]
[BlackElo "2648"]
[Result "1/2-1/2"]
[EventDate "2025.08.16"]
[PlyCount "136"]
1.c4 Nf6 2.Nc3 e5 3.e3 Bb4 4.Nd5 Nxd5 5.cxd5 O-O 6.a3 Ba5 7.b4 Bb6 8.Bb2 d6 9.Bc4 Nd7 10.Ne2 c6 11.O-O cxd5 12.Bxd5 Nf6 13.Bb3 Be6 14.d4 Qe7 15.a4 a6 16.Ng3 Bxb3 17.Qxb3 exd4 18.Nf5 Qe6 19.Qxe6 fxe6 20.Bxd4 Bxd4 21.Nxd4 Kf7 22.b5 axb5 23.Nxb5 Ke7 24.Rfb1 Rfc8 25.f3 b6 26.Rb4 Nd5 27.Rb3 Rc2 28. g3 Rac8 29.e4 Nf6 30.Na3 Rc1+ 31.Rxc1 Rxc1+ 32.Kg2 Nd7 33.Rb4 d5 34.f4 dxe4 35.Rxe4 Nc5 36.Rb4 Ra1 37.Nb1 Nxa4 38.Kf3 h5 39.g4 hxg4+ 40.Kxg4 Ra2 41.h4 Kf6 42.h5 Rg2+ 43.Kf3 Rb2 44.Rxb2 Nxb2 45.Nc3 Nc4 46.Nb5 Ke7 47.Kg4 Nd6 48.Nd4 Kf6 49.Nc6 b5 50.Kf3 Nf5 51.Kg4 Ne3+ 52.Kf3 Nd5 53.Kg4 b4 54. Na5 Ne7 55.Nb3 Nd5 56.Nc5 Nc3 57.Nd7+ Ke7 58.Nc5 Kd6 59.Nd3 b3 60.f5 Ne4 61.fxe6 Kxe6 62.Kf4 Kd5 63.Kf5 Ng3+ 64.Kg6 Kd4 65.Nb2 Ke4 66.Na4 Kf4 67. Nc5 Nxh5 68.Kxh5 Ke5 1/2-1/2

[Event "61st Rubinstein Memorial"]
[Site "Polanica Zdroj POL"]
[Date "2025.08.20"]
[Round "5.2"]
[White "Aravindh, Chithambaram"]
[Black "Klimkowski, Jan"]
[WhiteElo "2723"]
[BlackElo "2517"]
[Result "0-1"]
[EventDate "2025.08.16"]
[PlyCount "80"]
1.d4 Nf6 2.Bg5 d5 3.e3 c5 4.Bxf6 gxf6 5.dxc5 e6 6.Nf3 Bxc5 7.Be2 Nc6 8.O-O O-O 9.c4 d4 10.b4 Bxb4 11.exd4 f5 12.Qb3 Qf6 13.Na3 Be7 14.Rad1 b6 15.Nb5 Bb7 16.d5 Na5 17.Qe3 Bc5 18.Qf4 exd5 19.cxd5 Rad8 20.Ne5 Bxd5 21.Rd3 Be6 22.Ng4 Qg7 23.Ne3 Nc6 24.Rxd8 Rxd8 25.Bf3 Ne5 26.Nxf5 Nxf3+ 27.Qxf3 Qf6 28.g4 Bc4 29.Rb1 Bd3 30.Rb3 Qa1+ 31.Kg2 Qf1+ 32.Kg3 Qg1+ 33.Kh3 Bf1+ 34. Kh4 Qxh2+ 35.Kg5 f6+ 36.Kxf6 Rf8+ 37.Kg5 Qe5 38.Qg3 Qf6+ 39.Kh5 Qg6+ 40. Kh4 Rxf5 0-1

[Event "61st Rubinstein Memorial"]
[Site "Polanica Zdroj POL"]
[Date "2025.08.20"]
[Round "5.3"]
[White "Navara, David"]
[Black "Yakubboev, Nodirbek"]
[WhiteElo "2650"]
[BlackElo "2663"]
[Result "1/2-1/2"]
[EventDate "2025.08.16"]
[PlyCount "80"]
1.d4 Nf6 2.c4 e6 3.Nf3 d5 4.Nc3 Nbd7 5.cxd5 exd5 6.Bg5 c6 7.Qc2 Bd6 8.e3 Nf8 9.Bd3 Ng6 10.O-O-O h6 11.Bxf6 Qxf6 12.e4 Nf4 13.e5 Nxd3+ 14.Qxd3 Qf4+ 15.Qd2 Qxd2+ 16.Nxd2 Be7 17.f4 g5 18.Rdf1 gxf4 19.Ne2 h5 20.Nxf4 Be6 21.g3 Kd7 22.Nxe6 fxe6 23.Rf7 Rag8 24.Nf3 Rf8 25.Rxf8 Rxf8 26.Rf1 c5 27.dxc5 Bxc5 28.Kd2 Be7 29.Ke2 Rg8 30.Rd1 Bc5 31.Kd3 a5 32.Rd2 Rf8 33.Ke2 a4 34. Rd1 Rg8 35.Rf1 Rg4 36.Ne1 Re4+ 37.Kd1 Be7 38.Nd3 h4 39.Rf4 hxg3 40.hxg3 Re3 1/2-1/2

[Event "61st Rubinstein Memorial"]
[Site "Polanica Zdroj POL"]
[Date "2025.08.20"]
[Round "5.4"]
[White "Teclaf, Pawel"]
[Black "Kovalenko, Igor"]
[WhiteElo "2571"]
[BlackElo "2676"]
[Result "1/2-1/2"]
[EventDate "2025.08.16"]
[PlyCount "88"]
1.e4 e5 2.Nf3 Nc6 3.Bb5 a6 4.Ba4 Nf6 5.O-O Be7 6.Re1 b5 7.Bb3 d6 8.c3 O-O 9.h3 Bb7 10.d4 Re8 11.Ng5 Rf8 12.Nf3 Nd7 13.Nbd2 Bf6 14.Nf1 exd4 15.cxd4 Re8 16.N1h2 Na5 17.Bc2 c5 18.Ng4 Bxd4 19.Nxd4 cxd4 20.Qxd4 Rc8 21.Ne3 Nf6 22.b3 Nc6 23.Qd2 Nxe4 24.Bxe4 Rxe4 25.Bb2 Ne5 26.Nf5 Qf6 27.Rxe4 Bxe4 28. Qxd6 Qxf5 29.Bxe5 h5 30.Bg3 Rc6 31.Qd4 Rc5 32.Re1 Bc6 33.Kh2 f6 34.Re3 Rc1 35.Qd8+ Kh7 36.Qd3 Qxd3 37.Rxd3 Rc2 38.a3 a5 39.f3 Ra2 40.Bd6 Kg6 41.Kg1 Kf7 42.Bc5 Rc2 43.Bb6 a4 44.Ba5 axb3 1/2-1/2

[Event "61st Rubinstein Memorial"]
[Site "Polanica Zdroj POL"]
[Date "2025.08.20"]
[Round "5.5"]
[White "Adams, Michael"]
[Black "Bluebaum, Matthias"]
[WhiteElo "2663"]
[BlackElo "2660"]
[Result "0-1"]
[EventDate "2025.08.16"]
[PlyCount "96"]
1.e4 e5 2.Nf3 Nf6 3.Nxe5 d6 4.Nf3 Nxe4 5.Qe2 Qe7 6.d3 Nf6 7.Nc3 Nc6 8.Be3 Be6 9.O-O-O O-O-O 10.d4 d5 11.Bf4 Nh5 12.Bg5 f6 13.Be3 Qf7 14.Nd2 f5 15.f4 Nf6 16.Nf3 Qe8 17.Ne5 Bb4 18.Nb1 a6 19.c3 Be7 20.Nd2 Nxe5 21.fxe5 Ne4 22. g3 g5 23.Bh3 Qg6 24.Rhf1 Nxc3 25.bxc3 Ba3+ 26.Kc2 f4+ 27.Kb3 Bxh3 28.gxf4 Be7 29.fxg5 Bxf1 30.Rxf1 Rhf8 31.Rf6 Bxf6 32.gxf6 Rde8 33.Qf3 Re6 34.Qh3 Re8 35.Kb2 Kb8 36.Nb3 a5 37.Nxa5 Rb6+ 38.Nb3 Rg8 39.Bd2 Qe4 40.Qh6 Qf5 41. h4 Ka7 42.Qf4 Qd3 43.Qf2 Rg3 44.h5 Rf3 45.Qg2 Rf1 46.Bc1 Re1 47.Qxd5 Re2+ 48.Ka3 Qa6+ 0-1